000 00940nas a2200325 4500
001 BR0603832
003 BR-BrBNA
005 20231205110259.0
007 ta
008 230509b bl.|||p| |||| 00| 00por d
040 _aBR-BrBNA
_bpor
_cBiblioteca Nacional de Agricultura
041 _a(Pt)
072 _aF03
100 1 _aCaseiro, R.F.
100 1 _aMarcos Filho, J.
245 1 _aMétodos para a secagem de sementes de cebola submetidas ao condicionamento fisiológico
650 _aCEBOLA
650 _aALLIUM CEPA
650 _aSEMENTE
650 _aSECAGEM
650 _aINCUBAÇÃO
650 _aUMIDADE
650 _aGERMINAÇÃO
650 _aTESTE DE VIGOR
650 _aENVELHECIMENTO
650 _aCONDUTIVIDADE ELÉTRICA
773 0 _tHorticultura Brasileira (Brazil)
_xISSN 0102-0536
_g(Oct-Dec 2005), v. 23(4) p. 887-892
_wBR0603832
909 _a202311
_bLúcia
_c55
_dLúcia Elande
942 _2AGRIS
_n0
_cANA
999 _c186810
_d186810